000 01666nam a2200349 c 4500
999 _c482986
_d482986
003 BLK
005 20221130163349.0
008 180411b bul|||||r ||||||| ||bul||
040 _aBLK
041 _aBUL
_cBUL
080 _aВъзпитание на деца с увредени сетива и нервна система (слепи, глухонеми, епилептици). Логопедия
_b376.3
_x(075.2)
_z376.3(075.2)
100 _aСтанчев, Лъчезар Дончев
_eпърви автор
_9365631
139 _aСтанчев, Лъчезар Дончев и др.
_bС 70
245 1 0 _aЧитанка
_bЗа II кл. на у-щата за глухи деца
_cЛъчезар Станчев, Панка Цв. Кожухарова, Татяна Иванова Манчорова.
257 _aBGR
260 _bНар. просв.
_c1979
_9216179
_aСофия
300 _a96 с.
_bс ил.
_c25 см
380 _a3
500 _aНа кор. авт. Панка Цветкова-Кожухарова означена Панка Цветкова.
650 4 _aЧитанка - учебници за помощни училища
_9248748
653 _aчитанки
653 _aпомощни училища
700 1 _aЦветкова-Кожухарова, Панка
_eсъавт.
_9345760
700 1 _aМанчорова, Татяна Иванова
_eсъавт.
_992481
852 _aЦб 101415
856 4 _qpdf
_i0.00
_ldisable
856 4 _qpdf
_i0.00
_ldisable
942 _cKNG
_n0
_s1
944 _aCR
_c2022-11-30
_kнр